i'm so gone - Tate McRae - Statistics

General Stats
  • This quiz has been taken 69 times
  • The average score is 275 of 311
Answer Stats
Hint Answer % Correct
a
100%
ahead
100%
and
100%
be
100%
calling
100%
do
100%
Don't
100%
don't
100%
Chorus Go
100%
gone
100%
hate
100%
hope
100%
I
100%
I'm
100%
it
100%
my
100%
say
100%
Say
100%
so
100%
that
100%
when
100%
When
100%
you
100%
You
100%
get
97%
mad
97%
made
97%
me
97%
name
97%
name,
97%
Now
97%
your
97%
you're
97%
basement
95%
left
95%
Post-Chorus Never
95%
to
95%
wasted
95%
dad's
92%
shit
92%
just
89%
Just
89%
phone
89%
won't
89%
on
86%
on,
86%
said
86%
the
86%
want
86%
of
84%
us
84%
after
81%
After
81%
again
81%
life,
81%
life
81%
something
81%
today
81%
1 Verse Called
78%
'cause
78%
good
78%
needed
78%
new
78%
Oh
78%
without
78%
confused
76%
Pre-Chorus Used
76%
all
73%
all,
73%
leaving
73%
like
73%
is
70%
moving
70%
think
70%
too
70%
always
68%
cut
68%
late
68%
were
68%
we're
68%
away?
65%
it's
65%
off
65%
try
65%
out
62%
pushing
62%
how
59%
lie
59%
tell
59%
two
59%
back
57%
funny
57%
Isn't
57%
second
57%
Wreck
57%
been
51%
gonna
51%
I've
51%
bitches
49%
got
49%
lonely,
49%
options,
49%
promised
49%
fate
46%
even
43%
find
41%
talk
41%
time
41%
wanna
41%
alright
38%
honestly
38%
at
35%
but
35%
uh
16%
Uh
16%
No matching quizzes found
Score Distribution
Percent of People with Each Score
Percentile by Number Answered
Your Score History
You have not taken this quiz